Statistics for 25 Most Populous US Metro Areas

Click here to take the quiz!

General Stats

  • This quiz has been taken 60 times
  • The average score is 24 of 25

Answer Stats

HintAnswer% Correct
6,020,364Atlanta
100%
4,873,019Boston
100%
9,458,539Chicago
100%
7,573,136Dallas
100%
2,967,239Denver
100%
4,319,629Detroit
100%
7,066,141Houston
100%
13,214,799Los Angeles
100%
6,166,488Miami
100%
19,216,182New York
100%
6,102,434Philadelphia
100%
4,731,803San Francisco
100%
3,979,845Seattle
100%
6,280,487Washington DC.
100%
4,948,203Phoenix
95%
2,550,960San Antonio
95%
3,338,330San Diego
95%
3,194,831Tampa
95%
3,640,043Minneapolis
93%
2,800,053Baltimore
90%
2,608,147Orlando
90%
2,492,412Portland
90%
2,803,053St. Louis
90%
2,636,883Charlotte
88%
4,650,631Riverside
57%

Score Distribution

Percentile by Number Answered

Percent of People with Each Score

Your Score History

You have not taken this quiz